[Event "11th LCC Super Blitz 2019"]
[Site "London"]
[Date "2019.12.08"]
[Round "6.12"]
[White "Srivastava, Arnav"]
[Black "Manmay Chopra"]
[Result "1/2-1/2"]
[WhiteElo "1728"]
[BlackElo "1354"]
[Annotator "NA"]
[PlyCount "113"]
[EventDate "2019.12.08"]
[EventType "swiss"]
[EventCountry "ENG"]
[SourceTitle "playchess.com"]
[Source "ChessBase"]
[SourceQuality "1"]
[TimeControl "180+2"]

1. d4 {[%emt 0:00:00]} Nf6 {[%emt 0:00:00]} 2. c4 {[%emt 0:00:01]} g6 {[%emt 0:00:00]} 3. Nc3 {[%emt 0:00:00]} Bg7 {[%emt 0:00:00]} 4. e4 {[%emt 0:00:01]} d6 {[%emt 0:00:01]} 5. Nf3 {[%emt 0:00:00]} O-O {[%emt 0:00:01]} 6. Be2 {[%emt 0:00:01]} e5 {[%emt 0:00:01]} 7. dxe5 {[%emt 0:00:01]} dxe5 {[%emt 0:00:01]} 8. Qxd8 {[%emt 0:00:01]} Rxd8 {[%emt 0:00:01]} 9. Bg5 {[%emt 0:00:00]} Nbd7 {[%emt 0:00:31]} 10. Rd1 {[%emt 0:00:15]} Re8 {[%emt 0:00:13]} 11. b4 {[%emt 0:00:29]} c6 {[%emt 0:00:13]} 12. O-O {[%emt 0:00:03]} h6 {[%emt 0:00:01]} 13. Be3 {[%emt 0:00:23]} Nf8 {[%emt 0:00:13]} 14. h3 {[%emt 0:00:12]} Bd7 {[%emt 0:00:07]} 15. Rd2 {[%emt 0:00:06]} g5 {[%emt 0:00:06]} 16. Rfd1 {[%emt 0:00:09]} Rad8 {[%emt 0:00:03]} 17. c5 {[%emt 0:00:00]} Ng6 {[%emt 0:00:14]} 18. Bc4 {[%emt 0:00:01]} Kf8 {[%emt 0:00:09]} 19. a4 {[%emt 0:00:07]} Nf4 {[%emt 0:00:04]} 20. Kh2 {[%emt 0:00:16]} Ne6 {[%emt 0:00:05]} 21. Nxe5 {[%emt 0:00:11]} Ke7 {[%emt 0:00:28]} 22. Nxd7 {[%emt 0:00:06]} Nxd7 {[%emt 0:00:03]} 23. Ne2 {[%emt 0:00:13]} Ne5 {[%emt 0:00:22]} 24. Bb3 {[%emt 0:00:02]} Rxd2 {[%emt 0:00:12]} 25. Rxd2 {[%emt 0:00:01]} Rd8 {[%emt 0:00:01]} 26. Rxd8 {[%emt 0:00:14]} Nxd8 {[%emt 0:00:01]} 27. Bd4 {[%emt 0:00:03]} Ne6 {[%emt 0:00:14]} 28. Bc3 {[%emt 0:00:02]} f6 {[%emt 0:00:08]} 29. Kg3 {[%emt 0:00:02]} h5 {[%emt 0:00:04]} 30. h4 {[%emt 0:00:10]} Nd3 {[%emt 0:00:11]} 31. hxg5 {[%emt 0:00:22]} Nxg5 {[%emt 0:00:00]} 32. Bc2 {[%emt 0:00:12]} Nxe4+ {[%emt 0:00:02]} 33. Kf3 {[%emt 0:00:06]} Nxc3 {[%emt 0:00:07]} 34. Bxd3 {[%emt 0:00:01]} Nxe2 {[%emt 0:00:01]} 35. Kxe2 {[%emt 0:00:01]} Ke6 {[%emt 0:00:01]} 36. Ke3 {[%emt 0:00:00]} Bh6+ {[%emt 0:00:02]} 37. f4 {[%emt 0:00:01]} f5 {[%emt 0:00:01]} 38. g3 {[%emt 0:00:02]} Kf6 {[%emt 0:00:01]} 39. Bc4 {[%emt 0:00:00]} b6 {[%emt 0:00:05]} 40. b5 {[%emt 0:00:05]} Bf8 {[%emt 0:00:08]} 41. bxc6 {[%emt 0:00:02]} Bxc5+ {[%emt 0:00:01]} 42. Kd3 {[%emt 0:00:02]} Ke7 {[%emt 0:00:00]} 43. Bb5 {[%emt 0:00:06]} Kd6 {[%emt 0:00:04]} 44. Ke2 {[%emt 0:00:04]} Kc7 {[%emt 0:00:00]} 45. Kf3 {[%emt 0:00:02]} Bb4 {[%emt 0:00:00]} 46. Kg2 {[%emt 0:00:00]} Kd6 {[%emt 0:00:01]} 47. Kh3 {[%emt 0:00:01]} Be1 {[%emt 0:00:02]} 48. Kh4 {[%emt 0:00:01]} a6 {[%emt 0:00:03]} 49. Bxa6 {[%emt 0:00:01]} Kxc6 {[%emt 0:00:00]} 50. Bb5+ {[%emt 0:00:00]} Kd5 {[%emt 0:00:01]} 51. Kxh5 {[%emt 0:00:01]} Bxg3 {[%emt 0:00:02]} 52. Kg5 {[%emt 0:00:01]} Ke4 {[%emt 0:00:01]} 53. Bc6+ {[%emt 0:00:03]} Ke3 {[%emt 0:00:01]} 54. Kxf5 {[%emt 0:00:02]} Bxf4 {[%emt 0:00:01]} 55. Ke6 {[%emt 0:00:01]} Kd4 {[%emt 0:00:03]} 56. Kd7 {[%emt 0:00:01]} Kc5 {[%emt 0:00:00]} 57. Bb5 {[%emt 0:00:01]} 1/2-1/2

[Event "11th LCC Super Blitz 2019"]
[Site "London"]
[Date "2019.12.08"]
[Round "6.12"]
[White "Bergner, Matthias"]
[Black "Muhunthan, Charukgan"]
[Result "1-0"]
[WhiteElo "1632"]
[BlackElo "1401"]
[Annotator "NA"]
[PlyCount "99"]
[EventDate "2019.12.08"]
[EventType "swiss"]
[EventCountry "ENG"]
[SourceTitle "playchess.com"]
[Source "ChessBase"]
[SourceQuality "1"]
[TimeControl "180+2"]

1. d4 {[%emt 0:00:00]} Nf6 {[%emt 0:00:00]} 2. e3 {[%emt 0:00:00]} e6 {[%emt 0:00:00]} 3. f4 {[%emt 0:00:01]} b6 {[%emt 0:00:04]} 4. Nf3 {[%emt 0:00:02]} Bb7 {[%emt 0:00:01]} 5. Be2 {[%emt 0:00:02]} Be7 {[%emt 0:00:02]} 6. O-O {[%emt 0:00:02]} O-O {[%emt 0:00:03]} 7. c4 {[%emt 0:00:04]} c5 {[%emt 0:00:02]} 8. dxc5 {[%emt 0:00:05]} Bxc5 {[%emt 0:00:01]} 9. Nd4 {[%emt 0:00:07]} Nc6 {[%emt 0:00:19]} 10. Kh1 {[%emt 0:00:20]} Qc7 {[%emt 0:00:17]} 11. Nd2 {[%emt 0:00:23]} Nxd4 {[%emt 0:00:20]} 12. exd4 {[%emt 0:00:02]} Bxd4 {[%emt 0:00:01]} 13. Nf3 {[%emt 0:00:11]} Bc5 {[%emt 0:00:07]} 14. Bd2 {[%emt 0:00:14]} Rad8 {[%emt 0:00:01]} 15. Bc3 {[%emt 0:00:02]} Be7 {[%emt 0:00:03]} 16. Qc2 {[%emt 0:00:05]} h6 {[%emt 0:00:03]} 17. b3 {[%emt 0:00:02]} d5 {[%emt 0:00:03]} 18. Rad1 {[%emt 0:00:15]} dxc4 {[%emt 0:00:38]} 19. Bxc4 {[%emt 0:00:09]} Ne4 {[%emt 0:00:02]} 20. Be5 {[%emt 0:00:19]} Bd6 {[%emt 0:00:25]} 21. Bxd6 {[%emt 0:00:09]} Nxd6 {[%emt 0:00:03]} 22. Bd3 {[%emt 0:00:12]} Qxc2 {[%emt 0:00:25]} 23. Bxc2 {[%emt 0:00:01]} Ne4 {[%emt 0:00:38]} 24. Bxe4 {[%emt 0:00:29]} Bxe4 {[%emt 0:00:01]} 25. Ne5 {[%emt 0:00:11]} Bc2 {[%emt 0:00:03]} 26. Rc1 {[%emt 0:00:03]} Bg6 {[%emt 0:00:01]} 27. Nxg6 {[%emt 0:00:02]} fxg6 {[%emt 0:00:01]} 28. g3 {[%emt 0:00:01]} Rf6 {[%emt 0:00:01]} 29. Kg2 {[%emt 0:00:02]} a5 {[%emt 0:00:00]} 30. Rf2 {[%emt 0:00:06]} Rb8 {[%emt 0:00:01]} 31. Rfc2 {[%emt 0:00:02]} Kf7 {[%emt 0:00:02]} 32. Rc7+ {[%emt 0:00:01]} Kg8 {[%emt 0:00:01]} 33. Rd1 {[%emt 0:00:02]} Kh7 {[%emt 0:00:02]} 34. Rdd7 {[%emt 0:00:01]} Rg8 {[%emt 0:00:04]} 35. Rb7 {[%emt 0:00:01]} e5 {[%emt 0:00:03]} 36. fxe5 {[%emt 0:00:02]} Re6 {[%emt 0:00:00]} 37. Re7 {[%emt 0:00:04]} Re8 {[%emt 0:00:09]} 38. Rxe8 {[%emt 0:00:02]} Rxe8 {[%emt 0:00:01]} 39. Rxb6 {[%emt 0:00:02]} Rxe5 {[%emt 0:00:00]} 40. a4 {[%emt 0:00:05]} g5 {[%emt 0:00:03]} 41. Rb5 {[%emt 0:00:02]} Re3 {[%emt 0:00:04]} 42. Rxa5 {[%emt 0:00:03]} Rxb3 {[%emt 0:00:01]} 43. Ra8 {[%emt 0:00:01]} Ra3 {[%emt 0:00:01]} 44. a5 {[%emt 0:00:01]} Kg6 {[%emt 0:00:01]} 45. a6 {[%emt 0:00:01]} Kf7 {[%emt 0:00:01]} 46. a7 {[%emt 0:00:01]} g4 {[%emt 0:00:10]} 47. Kf2 {[%emt 0:00:04]} h5 {[%emt 0:00:00]} 48. Ke2 {[%emt 0:00:02]} g5 {[%emt 0:00:02]} 49. Kd2 {[%emt 0:00:02]} Kg7 {[%emt 0:00:02]} 50. Kc2 {[%emt 0:00:01]} 1-0

[Event "11th LCC Super Blitz 2019"]
[Site "London"]
[Date "2019.12.08"]
[Round "6.13"]
[White "Phillips, David"]
[Black "Caceres De La Calle, Eduardo"]
[Result "1-0"]
[WhiteElo "1810"]
[BlackElo "1575"]
[Annotator "NA"]
[PlyCount "41"]
[EventDate "2019.12.08"]
[EventType "swiss"]
[EventCountry "ENG"]
[SourceTitle "playchess.com"]
[Source "ChessBase"]
[SourceQuality "1"]
[TimeControl "180+2"]

1. b3 {[%emt 0:00:02]} e5 {[%emt 0:00:00]} 2. Bb2 {[%emt 0:00:01]} d5 {[%emt 0:00:01]} 3. Bxe5 {[%emt 0:00:05]} Bc5 {[%emt 0:00:03]} 4. Bxg7 {[%emt 0:00:27]} Qh4 {[%emt 0:00:32]} 5. g3 {[%emt 0:00:16]} Qe4 {[%emt 0:00:21]} 6. f3 {[%emt 0:00:05]} Qf5 {[%emt 0:00:20]} 7. Bxh8 {[%emt 0:00:08]} f6 {[%emt 0:00:11]} 8. Bh3 {[%emt 0:00:25]} Qe5 {[%emt 0:00:16]} 9. Bxc8 {[%emt 0:00:07]} Qxa1 {[%emt 0:00:20]} 10. Bxb7 {[%emt 0:00:09]} Qd4 {[%emt 0:00:07]} 11. e3 {[%emt 0:00:05]} Qe5 {[%emt 0:00:17]} 12. Bxa8 {[%emt 0:00:29]} c6 {[%emt 0:00:03]} 13. Ne2 {[%emt 0:00:22]} Nh6 {[%emt 0:00:21]} 14. O-O {[%emt 0:00:19]} Nf5 {[%emt 0:00:06]} 15. Nf4 {[%emt 0:00:07]} Nd7 {[%emt 0:00:17]} 16. Bxc6 {[%emt 0:00:02]} Ke7 {[%emt 0:00:08]} 17. Bxd5 {[%emt 0:00:05]} Nf8 {[%emt 0:00:06]} 18. Be4 {[%emt 0:00:03]} Nxg3 {[%emt 0:00:04]} 19. hxg3 {[%emt 0:00:05]} Ng6 {[%emt 0:00:02]} 20. Bxg6 {[%emt 0:00:05]} hxg6 {[%emt 0:00:01]} 21. Nxg6+ {[%emt 0:00:02]} 1-0

[Event "11th LCC Super Blitz 2019"]
[Site "London"]
[Date "2019.12.08"]
[Round "7.1"]
[White "Adams, Michael"]
[Black "Ratnesan, Ranesh"]
[Result "1-0"]
[WhiteElo "2701"]
[BlackElo "2213"]
[Annotator "TA"]
[PlyCount "89"]
[EventDate "2019.12.08"]
[EventType "swiss"]
[EventCountry "ENG"]
[SourceTitle "playchess.com"]
[Source "ChessBase"]
[SourceQuality "1"]

{[%evp 10,89,20,13,20,17,18,11,14,18,15,15,21,4,11,2,43,43,45,4,66,0,48,0,0,-3,0,0,31,27,40,45,79,0,0,0,43,52,70,-80,-84,-85,-89,-193,0,-151,-52,-52,-34,-436,-40,-14,-4,-11,-11,-11,0,0,182,154,438,422,395,435,378,0,334,307,467,415,448,424,563,536,647,416,29992,29993,29993,29987,29990,29987]} 1. e4 c5 2. Nf3 d6 3. Bb5+ Bd7 4. Bxd7+ Nxd7 5. O-O Ngf6 6. Re1 Rc8 {B52: Sicilian: Moscow Variation with 3...Bd7} 7. c3 (7. b3 g6 8. Bb2 Bg7 9. c4 e5 10. Nc3 O-O 11. d3 Bh6 12. a3 Nb8 13. b4 Nc6 14. Nd5 Nxd5 15. exd5 {½-½ (45) Demchenko,A (2665)-Ivanchuk,V (2684) Konya 2019}) 7... e6 8. d4 cxd4 {The position is equal.} 9. cxd4 d5 10. e5 Ne4 11. Nbd2 Nxd2 $1 12. Bxd2 Qb6 13. Rc1 Rc6 14. Re3 $146 ({Predecessor:} 14. Rxc6 bxc6 15. Qa4 {1-0 (54) Casper,T (2409)-Stangl,M (2457) Germany 2001}) 14... Be7 (14... Nb8 $1 $11) 15. Rb3 (15. Qa4 $14) 15... Qc7 16. Rbc3 Nb8 $1 17. Ng5 h6 18. Nh3 O-O 19. Qg4 {Threatens to win with Bxh6.} Kh8 20. Nf4 Qb6 21. Nh5 (21. Rg3 $16 {[%csl Gg3][%cal Rg4g7]} Rg8 22. Nd3) 21... Rg8 $11 22. b3 Rxc3 (22... Ba3 $5 {[%cal Ra3c1]} 23. Bxh6 gxh6 $11) 23. Rxc3 {Strongly threatening Rf3.} Nc6 24. Be3 (24. Rf3 $14 {stays ahead.} f6 25. exf6 gxf6 26. Qf4) 24... Qa5 25. Rc1 Qxa2 26. Qf4 (26. Qf3 $17 Nd8 27. Qh3) 26... Rf8 $2 ({Worse is} 26... Qxb3 27. Qxf7 Qb2 28. Rf1 $16) (26... Bg5 $1 $19 {[%cal Rg5f4]} 27. Qxf7 Bxe3 28. fxe3 Qd2 {[%mdl 64] Double Attack}) 27. h4 $2 (27. Qg4 $11 Rg8 28. Qf3) 27... Qxb3 ({Better is} 27... Qe2 $1 $17 {[%cal Re2h5]} 28. Ng3 Qd3) 28. Nxg7 $15 Kxg7 29. Qxh6+ Kg8 30. Bg5 $1 {[%cal Rg5f6]} Qd3 {[#] Hoping for ...Bxg5.} 31. Rxc6 $1 {[%mdl 576] Remove Defender} bxc6 32. Bxe7 $11 {[%mdl 4096] Endgame KQR-KQB} Rb8 33. h5 $1 Qf5 $2 ({Not} 33... Qxd4 34. Bf6 Rb1+ 35. Kh2 Qh4+ 36. Bxh4 f6 37. Bxf6 Rb7 38. Qh8+ Kf7 39. Qg7+ Ke8 40. Qg8+ Kd7 41. Qd8#) (33... Qh7 $11 34. Qg5+ Qg7) 34. Bf6 $1 $18 {[%csl Gf6][%cal Rh6h8][%mdl 1024] White has strong compensation.} Rb1+ $2 (34... Qh7 $16 {was called for.} 35. Qg5+ Kf8) 35. Kh2 {[%csl Gf6][%cal Rh6h8]} Qh7 36. Qg5+ Kf8 37. Be7+ Ke8 {[#]} 38. Bd6 $1 {[%csl Gd6][%cal Rg5e7]} f5 (38... Rb7 $142 39. g4 a6) 39. exf6 Kf7 {[#]} 40. g4 $1 {And now h6 would win.} Rb2 41. Bg3 a5 42. Qe5 {Intending Qc7+ and mate.} Qh6 (42... Rb7 $18 43. Qd6 Qg8) 43. Qc7+ {[%mdl 64] Double Attack. White mates.} Kxf6 44. Be5+ Kg5 45. Kg3 {Played: Be5-f4} 1-0

[Event "11th LCC Super Blitz 2019"]
[Site "London"]
[Date "2019.12.08"]
[Round "7.1"]
[White "Roberson, Peter T"]
[Black "Howell, David Wl"]
[Result "1-0"]
[WhiteElo "2282"]
[BlackElo "2650"]
[Annotator "ChessBase"]
[PlyCount "43"]
[EventDate "2019.12.08"]
[EventType "swiss"]
[EventCountry "ENG"]
[SourceTitle "playchess.com"]
[Source "ChessBase"]
[SourceQuality "1"]
[TimeControl "180+2"]

1. e4 {[%emt 0:00:00]} c5 {[%emt 0:00:00]} 2. Nf3 {[%emt 0:00:00]} e6 {[%emt 0:00:00]} 3. d4 {[%emt 0:00:02]} cxd4 {[%emt 0:00:00]} 4. Nxd4 {[%emt 0:00:01]} Nf6 {[%emt 0:00:00]} 5. Bd3 {[%emt 0:00:02]} d6 {[%emt 0:00:00]} 6. c4 {[%emt 0:00:02]} Nc6 {[%emt 0:00:02]} 7. Nc2 {[%emt 0:00:02]} Be7 {[%emt 0:00:04]} 8. Nc3 {[%emt 0:00:01]} O-O {[%emt 0:00:02]} 9. O-O {[%emt 0:00:01]} a6 {[%emt 0:00:03]} 10. b3 {[%emt 0:00:03]} Bd7 {[%emt 0:00:02]} 11. Bb2 {[%emt 0:00:01]} Rb8 {[%emt 0:00:00]} 12. a4 {[%emt 0:00:02]} Qc7 {[%emt 0:00:13]} 13. Rc1 {[%emt 0:00:01]} Na5 {[%emt 0:00:01]} 14. Ne3 {[%emt 0:00:05]} Qc8 {[%emt 0:00:29]} 15. b4 {[%emt 0:00:15]} Nc6 {[%emt 0:00:01]} 16. Ba3 {[%emt 0:00:05]} a5 {[%emt 0:00:05]} 17. bxa5 {[%emt 0:00:10]} Nxa5 {[%emt 0:00:03]} 18. Nb5 {[%emt 0:00:01]} Qc6 {[%emt 0:00:06]} 19. e5 {[%emt 0:00:02]} Ne8 {[%emt 0:00:08]} 20. exd6 {[%emt 0:00:18]} Nxd6 {[%emt 0:00:01]} 21. Nxd6 {[%emt 0:00:02]} Bxd6 {[%emt 0:00:02]} 22. Bxd6 {[%emt 0:00:01]} 1-0

[Event "11th LCC Super Blitz 2019"]
[Site "London"]
[Date "2019.12.08"]
[Round "7.2"]
[White "Grover, Sahaj"]
[Black "Rushbrooke, Remy"]
[Result "0-1"]
[WhiteElo "2486"]
[BlackElo "1877"]
[Annotator "ChessBase"]
[PlyCount "62"]
[EventDate "2019.12.08"]
[EventType "swiss"]
[EventCountry "ENG"]
[SourceTitle "playchess.com"]
[Source "ChessBase"]
[SourceQuality "1"]
[TimeControl "180+2"]

1. d4 {[%emt 0:00:00]} Nf6 {[%emt 0:00:00]} 2. c4 {[%emt 0:00:00]} c5 {[%emt 0:00:03]} 3. d5 g6 {[%emt 0:00:05]} 4. Nc3 Bg7 {[%emt 0:00:01]} 5. e4 {[%emt 0:00:03]} d6 {[%emt 0:00:03]} 6. h3 {[%emt 0:00:03]} a6 {[%emt 0:00:04]} 7. a4 {[%emt 0:00:05]} O-O {[%emt 0:00:05]} 8. Bd3 e6 {[%emt 0:00:02]} 9. Nf3 {[%emt 0:00:01]} Nbd7 {[%emt 0:00:03]} 10. Bg5 {[%emt 0:00:04]} h6 {[%emt 0:00:14]} 11. Be3 {[%emt 0:00:03]} Qe7 {[%emt 0:00:05]} 12. Qd2 {[%emt 0:00:09]} exd5 {[%emt 0:00:13]} 13. exd5 {[%emt 0:00:25]} Ne5 {[%emt 0:00:03]} 14. Nxe5 Qxe5 {[%emt 0:00:01]} 15. O-O {[%emt 0:00:07]} Qh5 {[%emt 0:00:22]} 16. Bf4 {[%emt 0:00:36]} Rd8 {[%emt 0:00:08]} 17. Rae1 {[%emt 0:00:07]} g5 {[%emt 0:00:05]} 18. Bg3 {[%emt 0:00:12]} g4 {[%emt 0:00:04]} 19. h4 {[%emt 0:00:14]} Bf5 {[%emt 0:00:05]} 20. Re7 {[%emt 0:00:16]} b6 {[%emt 0:00:18]} 21. Ne2 {[%emt 0:00:03]} Qg6 {[%emt 0:00:11]} 22. Nf4 {[%emt 0:00:10]} Qh7 {[%emt 0:00:01]} 23. Rfe1 {[%emt 0:00:09]} Bxd3 {[%emt 0:00:06]} 24. Qxd3 {[%emt 0:00:21]} Qxd3 {[%emt 0:00:02]} 25. Nxd3 {[%emt 0:00:01]} b5 {[%emt 0:00:00]} 26. b3 {[%emt 0:00:14]} bxc4 {[%emt 0:00:04]} 27. bxc4 {[%emt 0:00:01]} Rab8 {[%emt 0:00:05]} 28. Ra7 {[%emt 0:00:04]} Rb3 {[%emt 0:00:02]} 29. Re3 {[%emt 0:00:10]} Nh5 {[%emt 0:00:04]} 30. Ne1 {[%emt 0:00:14]} Rxe3 {[%emt 0:00:02]} 31. fxe3 {[%emt 0:00:02]} Nxg3 {[%emt 0:00:05]} 0-1

[Event "11th LCC Super Blitz 2019"]
[Site "London"]
[Date "2019.12.08"]
[Round "7.3"]
[White "Cox, John J"]
[Black "Aravindh, Chithambaram Vr"]
[Result "0-1"]
[WhiteElo "2346"]
[BlackElo "2560"]
[Annotator "ChessBase"]
[PlyCount "62"]
[EventDate "2019.12.08"]
[EventType "swiss"]
[EventCountry "ENG"]
[SourceTitle "playchess.com"]
[Source "ChessBase"]
[SourceQuality "1"]
[TimeControl "180+2"]

1. e4 {[%emt 0:00:47]} c6 2. b3 {[%emt 0:00:07]} d5 {[%emt 0:00:02]} 3. Bb2 dxe4 {[%emt 0:00:13]} 4. Nc3 Nf6 {[%emt 0:00:01]} 5. Nge2 {[%emt 0:00:01]} Bf5 {[%emt 0:00:08]} 6. Ng3 {[%emt 0:00:01]} e6 {[%emt 0:00:07]} 7. Qe2 {[%emt 0:00:10]} Bb4 {[%emt 0:00:08]} 8. O-O-O {[%emt 0:00:17]} Bxc3 {[%emt 0:00:30]} 9. Bxc3 {[%emt 0:00:21]} O-O {[%emt 0:00:06]} 10. Kb1 {[%emt 0:00:16]} Nbd7 {[%emt 0:00:07]} 11. Nxf5 {[%emt 0:00:12]} exf5 {[%emt 0:00:01]} 12. d3 {[%emt 0:00:01]} Re8 {[%emt 0:00:10]} 13. dxe4 {[%emt 0:00:13]} Nxe4 {[%emt 0:00:07]} 14. Qf3 {[%emt 0:00:19]} Nxc3+ {[%emt 0:00:08]} 15. Qxc3 {[%emt 0:00:02]} Qf6 {[%emt 0:00:02]} 16. Qxf6 {[%emt 0:00:10]} Nxf6 {[%emt 0:00:01]} 17. Bd3 {[%emt 0:00:02]} g6 {[%emt 0:00:04]} 18. f3 {[%emt 0:00:09]} Nd5 {[%emt 0:00:04]} 19. Kb2 {[%emt 0:00:07]} Re7 {[%emt 0:00:05]} 20. Bc4 {[%emt 0:00:07]} Ne3 {[%emt 0:00:09]} 21. Rd2 {[%emt 0:00:02]} Rae8 {[%emt 0:00:09]} 22. a4 {[%emt 0:00:07]} a5 {[%emt 0:00:02]} 23. Kc3 {[%emt 0:00:21]} f4 {[%emt 0:00:04]} 24. Rg1 {[%emt 0:00:09]} Kg7 {[%emt 0:00:02]} 25. g3 {[%emt 0:00:05]} fxg3 {[%emt 0:00:01]} 26. hxg3 {[%emt 0:00:04]} Nf5 {[%emt 0:00:09]} 27. g4 {[%emt 0:00:06]} Re3+ {[%emt 0:00:02]} 28. Kb2 {[%emt 0:00:08]} Nh4 {[%emt 0:00:02]} 29. f4 {[%emt 0:00:03]} Nf3 {[%emt 0:00:02]} 30. Rd7 {[%emt 0:00:06]} Nxg1 {[%emt 0:00:03]} 31. Rxf7+ {[%emt 0:00:02]} Kh8 0-1

[Event "11th LCC Super Blitz 2019"]
[Site "London"]
[Date "2019.12.08"]
[Round "7.3"]
[White "Klingher, Dominic"]
[Black "Petrov, Vladimir Sergeev"]
[Result "1-0"]
[WhiteElo "2071"]
[BlackElo "2355"]
[Annotator "NA"]
[PlyCount "57"]
[EventDate "2019.12.08"]
[EventType "swiss"]
[EventCountry "ENG"]
[SourceTitle "playchess.com"]
[Source "ChessBase"]
[SourceQuality "1"]
[TimeControl "180+2"]

1. e4 {[%emt 0:00:00]} c5 {[%emt 0:00:00]} 2. Nc3 {[%emt 0:00:01]} d6 {[%emt 0:00:03]} 3. f4 {[%emt 0:00:01]} Nc6 {[%emt 0:00:02]} 4. Nf3 {[%emt 0:00:02]} g6 {[%emt 0:00:03]} 5. Bc4 {[%emt 0:00:01]} Bg7 {[%emt 0:00:02]} 6. O-O {[%emt 0:00:02]} e6 {[%emt 0:00:04]} 7. d3 {[%emt 0:00:01]} Nge7 {[%emt 0:00:01]} 8. Qe1 {[%emt 0:00:02]} O-O {[%emt 0:00:08]} 9. Qh4 {[%emt 0:00:03]} Qd7 {[%emt 0:00:21]} 10. f5 {[%emt 0:00:06]} gxf5 {[%emt 0:00:12]} 11. Bh6 {[%emt 0:00:06]} Ng6 {[%emt 0:00:05]} 12. Qh5 {[%emt 0:00:02]} fxe4 {[%emt 0:00:12]} 13. Ng5 {[%emt 0:00:16]} Bd4+ {[%emt 0:00:36]} 14. Kh1 {[%emt 0:00:04]} Nce5 {[%emt 0:00:27]} 15. Bxf8 {[%emt 0:00:09]} Nxf8 {[%emt 0:00:04]} 16. Ncxe4 {[%emt 0:00:10]} Neg6 {[%emt 0:00:18]} 17. Rxf7 {[%emt 0:00:18]} Qxf7 {[%emt 0:00:03]} 18. Nxf7 Kxf7 {[%emt 0:00:01]} 19. Rf1+ {[%emt 0:00:16]} Kg7 {[%emt 0:00:03]} 20. Nxd6 {[%emt 0:00:13]} Bd7 {[%emt 0:00:13]} 21. Rf7+ {[%emt 0:00:06]} Kg8 {[%emt 0:00:02]} 22. Rxh7 {[%emt 0:00:11]} Nxh7 {[%emt 0:00:04]} 23. Qxg6+ {[%emt 0:00:02]} Bg7 {[%emt 0:00:02]} 24. Qf7+ {[%emt 0:00:05]} Kh8 {[%emt 0:00:01]} 25. Qxd7 {[%emt 0:00:02]} Rf8 {[%emt 0:00:06]} 26. Nf7+ {[%emt 0:00:02]} Kg8 {[%emt 0:00:02]} 27. Qxe6 {[%emt 0:00:08]} Nf6 {[%emt 0:00:09]} 28. Ng5+ {[%emt 0:00:05]} Kh8 {[%emt 0:00:02]} 29. Qh3+ {[%emt 0:00:01]} 1-0

[Event "11th LCC Super Blitz 2019"]
[Site "London"]
[Date "2019.12.08"]
[Round "7.4"]
[White "Van Zyl-Rudd, Jack"]
[Black "Mortazavi, Ali"]
[Result "1-0"]
[WhiteElo "2290"]
[BlackElo "2333"]
[Annotator "NA"]
[PlyCount "65"]
[EventDate "2019.12.08"]
[EventType "swiss"]
[EventCountry "ENG"]
[SourceTitle "playchess.com"]
[Source "ChessBase"]
[SourceQuality "1"]
[TimeControl "180+2"]

1. d4 {[%emt 0:00:00]} Nf6 {[%emt 0:00:00]} 2. c4 {[%emt 0:00:01]} g6 {[%emt 0:00:00]} 3. Nc3 {[%emt 0:00:01]} Bg7 4. e4 {[%emt 0:00:03]} O-O {[%emt 0:00:03]} 5. h3 {[%emt 0:00:00]} d6 {[%emt 0:00:00]} 6. Be3 {[%emt 0:00:02]} c5 {[%emt 0:00:02]} 7. Nf3 {[%emt 0:00:01]} Na6 {[%emt 0:00:12]} 8. Be2 {[%emt 0:00:16]} b6 {[%emt 0:00:24]} 9. O-O {[%emt 0:00:05]} Bb7 {[%emt 0:00:04]} 10. d5 {[%emt 0:00:11]} Nc7 {[%emt 0:00:01]} 11. a4 {[%emt 0:00:04]} e5 {[%emt 0:00:11]} 12. dxe6 {[%emt 0:00:21]} Nxe6 {[%emt 0:00:14]} 13. Qc2 {[%emt 0:00:05]} Qe7 {[%emt 0:00:03]} 14. Rad1 {[%emt 0:00:03]} Nd7 {[%emt 0:00:09]} 15. Nb5 {[%emt 0:00:14]} Nd4 {[%emt 0:00:15]} 16. Nbxd4 {[%emt 0:00:12]} cxd4 {[%emt 0:00:08]} 17. Nxd4 {[%emt 0:00:09]} Bxe4 {[%emt 0:00:01]} 18. Qd2 {[%emt 0:00:30]} Nc5 {[%emt 0:00:15]} 19. b4 {[%emt 0:00:26]} Nb7 {[%emt 0:00:24]} 20. Nb5 {[%emt 0:00:02]} Rfd8 {[%emt 0:00:01]} 21. Bg5 {[%emt 0:00:05]} Bf6 {[%emt 0:00:02]} 22. Bxf6 {[%emt 0:00:04]} Qxf6 {[%emt 0:00:00]} 23. Nc7 {[%emt 0:00:04]} Rac8 {[%emt 0:00:03]} 24. Nd5 {[%emt 0:00:03]} Qh4 {[%emt 0:00:15]} 25. Qd4 {[%emt 0:00:17]} Re8 {[%emt 0:00:39]} 26. Nf6+ {[%emt 0:00:10]} Kf8 {[%emt 0:00:03]} 27. Nxe8 Rxe8 {[%emt 0:00:01]} 28. f3 {[%emt 0:00:04]} Kg8 {[%emt 0:00:09]} 29. fxe4 Rxe4 {[%emt 0:00:00]} 30. Qf2 {[%emt 0:00:02]} f5 {[%emt 0:00:05]} 31. Bf3 {[%emt 0:00:02]} Qxf2+ {[%emt 0:00:08]} 32. Rxf2 {[%emt 0:00:01]} Rxc4 {[%emt 0:00:01]} 33. Bd5+ {[%emt 0:00:00]} 1-0

[Event "11th LCC Super Blitz 2019"]
[Site "London"]
[Date "2019.12.08"]
[Round "7.4"]
[White "Toh, Q Kane"]
[Black "Beinoras, Mindaugas"]
[Result "0-1"]
[WhiteElo "1606"]
[BlackElo "2401"]
[Annotator "NA"]
[PlyCount "44"]
[EventDate "2019.12.08"]
[EventType "swiss"]
[EventCountry "ENG"]
[SourceTitle "playchess.com"]
[Source "ChessBase"]
[SourceQuality "1"]
[TimeControl "180+2"]

1. d4 {[%emt 0:00:00]} Nf6 {[%emt 0:00:00]} 2. c4 {[%emt 0:00:02]} g6 {[%emt 0:00:00]} 3. f3 {[%emt 0:00:01]} e6 {[%emt 0:00:02]} 4. e4 {[%emt 0:00:04]} d5 {[%emt 0:00:00]} 5. e5 {[%emt 0:00:09]} Nh5 {[%emt 0:00:01]} 6. Be3 {[%emt 0:00:02]} c5 {[%emt 0:00:18]} 7. dxc5 {[%emt 0:00:13]} Nc6 {[%emt 0:00:01]} 8. Nc3 {[%emt 0:00:06]} d4 {[%emt 0:00:01]} 9. Bf2 {[%emt 0:00:15]} dxc3 {[%emt 0:00:02]} 10. bxc3 {[%emt 0:00:02]} Qxd1+ {[%emt 0:00:03]} 11. Rxd1 {[%emt 0:00:02]} Bg7 {[%emt 0:00:02]} 12. Bd4 {[%emt 0:00:05]} Bxe5 {[%emt 0:00:03]} 13. Ne2 {[%emt 0:00:04]} O-O {[%emt 0:00:05]} 14. Bxe5 {[%emt 0:00:10]} Nxe5 {[%emt 0:00:01]} 15. Nd4 {[%emt 0:00:02]} Bd7 {[%emt 0:00:06]} 16. g3 {[%emt 0:00:22]} Ba4 {[%emt 0:00:11]} 17. Rb1 {[%emt 0:00:08]} Rac8 {[%emt 0:00:01]} 18. Nb3 {[%emt 0:00:07]} Nxf3+ {[%emt 0:00:03]} 19. Kf2 {[%emt 0:00:05]} Ne5 {[%emt 0:00:01]} 20. Be2 {[%emt 0:00:05]} Nf6 {[%emt 0:00:01]} 21. Bf3 {[%emt 0:00:13]} Nxf3 {[%emt 0:00:01]} 22. Kxf3 {[%emt 0:00:01]} Bc6+ {[%emt 0:00:01]} 0-1